The action hero's handbook

Bibliographic Details
Main Author: Borgenicht,David
Format: Book
Published: San francisco : Chronicle books , 2002
Subjects:

MARC

LEADER 00000cam a2200000 7i4500
001 0000078953
005 20180322.0
008 180312
020 |a 193168605 
020 |a 9781931686051 
041 0 |a English 
090 0 0 |a 613.66   |b BOR 
100 1 |a Borgenicht,David 
245 0 0 |a The action hero's handbook   |c David Borgenicht 
260 |a San francisco :   |b Chronicle books ,   |c 2002 
300 |a 191p. :   |b 17cm 
500 |a Adult 
541 0 0 |c Donation books 
650 0 |a Self-defense 
650 0 |a Survival 
999 |a 0001468974   |b Book   |c Adult Collection   |e Perbadanan Perpustakaan Awam Johor